000 01255nam a22003617a 4500
003 CHAP
005 20220620174224.0
008 971013s1994 r 00010 d
010 _a18077
011 _a19049
035 _a23134
040 _cCHAP
090 _aTesis
100 1 0 _aGarcía Nava, José Rodolfo
_946365
245 _aRehabilitación de una planta de acondicionamiento de semilla de maíz en Cd. Altamirano, Gro.
260 _aChapingo, Méx. :
_bEl autor,
_c1994
300 _a148 h.
_e+ anexos
502 _aTesis (Ing. Agroindustrial) -- UACH. Departamento de Ingeniería Agroindustrial
590 _aALEPH
_b10
_c20130110
_lUCH01
_h1241
590 _aBATCH-UPD
_b10
_c20130110
_lUCH01
_h0838
590 _aBATCH-UPD
_b10
_c20130410
_lUCH01
_h0517
590 _aBATCH-UPD
_b10
_c20130914
_lUCH01
_h1530
590 _aCONVERSION
_b10
_c20130109
_lUCH01
_h1311
650 1 4 _aMaíz
_xSemilla.
_971059
650 1 4 _aMaíz
_zGuerrero.
_971092
650 1 4 _aSemillas
_xAlmacenamiento.
_9103875
650 1 4 _aSemillas
_xRendimiento.
_9103930
901 _aBK
942 _cFOLL
949 _bBC
_cTES
_d-53958
_eTS1
_h26957
_i23134
_si
949 _bBC
_cTES
_d-53959
_eTS2
_fc.2
_h26958
_i23134
_si
949 _bBC
_cTES
_d-53960
_eTS2
_fc.3
_h26959
_i23134
_si
999 _c18077
_d18077